000
00328nam a2200145Ia 4500
008
230917s9999||||xx |||||||||||||| ||und||
040
_e
103843
_a
MAIN
041
_a
English
082
_a
B D542B:R
100
_a
Burrell, Paul
245
2
_a
A royal duty
260
_a
London
_b
Penguin
_c
2003
300
_a
396 p.
942
_c
BK
999
_c
111434
_d
111434